[Event "CAN-ch U10"]
[Site "Windsor"]
[Date "2016.07.06"]
[Round "3.85"]
[White "Rusonik, Mark"]
[Black "Lu, Lucas Yunkun"]
[Result "1-0"]
[WhiteElo "1817"]
[BlackElo "1083"]
[PlyCount "71"]
[EventDate "2016.07.05"]
[EventType "swiss"]
[EventRounds "7"]
[EventCountry "CAN"]
[SourceTitle "EXT 2022"]
[Source "ChessBase"]
[SourceDate "2021.10.06"]
[SourceVersion "1"]
[SourceVersionDate "2021.10.06"]
[SourceQuality "1"]

1. e4 e5 2. f4 exf4 3. Nf3 d6 4. Bc4 Nc6 5. d4 Nf6 6. Nc3 Bg4 7. Bxf4 Bxf3 8. gxf3 a6 9. Qd2 Qd7 10. 0-0-0 0-0-0 11. Rhg1 g6 12. Bg5 Be7 13. Bxf7 Rhf8 14. Bc4 Nh5 15. Bxe7 Qxe7 16. Nd5 Qg7 17. Qe3 Rde8 18. c3 Ne7 19. Nxe7+ Rxe7 20. d5 Nf4 21. Qa7 Qh6 22. Kb1 Ree8 23. Rd2 Nh3 24. Rgd1 Ng1 25. Qa8+ Kd7 26. Qxb7 Rb8 27. Qc6+ Kd8 28. Be2 Nxe2 29. Rxe2 Rxf3 30. e5 Qf8 31. e6 Qe7 32. Rdd2 Rf1+ 33. Kc2 Ra1 34. Rf2 Kc8 35. Rf7 Qd8 36. e7 1-0